| 000 | 00828nam a22001817a 4500 | ||
|---|---|---|---|
| 003 | NUST | ||
| 005 | 20260120144702.0 | ||
| 082 | _a621.382,JAM | ||
| 100 |
_aJamil, Azmat _9132844 |
||
| 245 |
_aHigh gain, circularly polarized 1 x 4 antenna array with circular Slots for wireless power transmission applications / _cAzmat Jamil. Muhammad Zeeshan, Hassan Khurshid and Abdus Salam (BETE-51) |
||
| 260 |
_aRawalpindi _bMCS (NUST) _cJuly, 2018 |
||
| 300 | _ax, 33p.; | ||
| 505 | _aIntroduction (Page-1), Antennas Fundamental Properties (Page-6), Background Study (Page-10), What is Polarization?(Page-12), Design Selection (Page-16), Further Research (Page-31), Bibliography (Page-32). | ||
| 650 |
_aUG Project _9131132 |
||
| 651 |
_aBETE-51 _9132836 |
||
| 700 |
_aSupervised by Dr. Farooq Ahmad Bhatti. _9132845 |
||
| 942 |
_2ddc _cPR |
||
| 999 |
_c615871 _d615871 |
||